| 000 | 00615nam a2200193 a 4500 | ||
|---|---|---|---|
| 005 | 20240511063744.0 | ||
| 008 | 991125s1991 mx 000 0 spa u | ||
| 020 | _a9686054286 | ||
| 035 | _aUPN01000041965 | ||
| 049 | _aLT | ||
| 050 | 4 |
_aLB1577 M6.3 _bC3.5 1991 |
|
| 100 | 1 |
_aCamarillo Roa de Pereyra, María Enriqueta, _d1869-1968 _928629 |
|
| 245 | 1 | 0 |
_aNuevas rosas de la infancia : _bpara tercer año / _cMaría Enriqueta Camarillo y Roa. |
| 250 | _a22a ed. | ||
| 260 |
_aMéxico : _bPatria, _c1991. |
||
| 300 |
_a266 p. : _bil. |
||
| 650 | 4 |
_aEspañol _xEstudio y enseñanza (Elemental) _92806 |
|
| 905 | _aLibro | ||
| 999 |
_c41965 _d41965 |
||